01163nam a2200325 i 45000010005000000030009000050050017000140080039000310150017000700400041000870460009001280800010001371000042001472450095001892600060002843000047003443360027003913370054004183380028004723800016005003880014005163880014005305040036005446500014005806500036005946580034006306580030006647100046006948560097007408870KOSZ 00520221219092928.0071119s1968 pl a f 001 0 pol aPB 1968/9917 aWA NcWA NdKOSZ 005/RWdKOSZ 005/HR k1968 a658.51 aPełka, Bogusławd(1928-2003)eAutor10aZarys ekonomiki i organizacji przemysłowych procesów produkcyjnych /cBogusław Pełka. aWarszawa :bPaństwowe Wydawnictwo Ekonomiczne,c1968. a303, [1] s., [4] k. tabl. :bil. ;c23 cm. 2rdacontentaTekstbtxt 2rdamediaaBez urządzenia pośredniczącegobn 2rdacarrieraWoluminbnc aKsiążki a1901-2000 a1945-1989 aBibliogr. s. [272]-283. Indeks. 4aProdukcja 4aPrzedsiębiorstwo przemysłowe aGospodarka, ekonomia, finanse aZarządzanie i marketing2 aPaństwowe Wydawnictwo Ekonomiczne4pbl. uhttp://koha.tu.koszalin.pl/cgi-bin/koha/opac-detail.pl?biblionumber=8870yKatalog online BPK